| 000 | 00322nam a2200133 i 4500 | ||
|---|---|---|---|
| 001 | bgj | ||
| 245 | 0 | _aCambridge first certificate examination practice 3. | |
| 250 | _a[4th print.]. | ||
| 260 |
_aCambridge [etc.], _c1991. |
||
| 040 | _cBPK | ||
| 041 | _aeng | ||
| 942 | _cKS | ||
| 008 | s uk f |000 0 eng | ||
| 999 |
_c47375 _d47375 |
||
| 856 |
_uhttp://koha.tu.koszalin.pl/cgi-bin/koha/opac-detail.pl?biblionumber=47375 _yKatalog online BPK |
||